000 04009nam a2200505 i 4500
001 xb24152845
006 m d
007 cr n
008 160801t20162016enk sb 001 0 eng d
020 _a9781783742608
_q(pdf)
020 _a9781783742615
_q(epub)
020 _a9781783742622
_q(mobi)
020 _z9781783742585 (Paperback)
020 _z9781783742592 (Hardback)
022 _a2515-0766 (Online)
022 _z2515-0758 (Print)
035 _a(OCoLC)957692063
040 _aStSaUL
_beng
_erda
100 1 _aDinesh, Nandita,
_eauthor.
245 1 0 _aTheatre and war
_h[electronic resource] :
_bnotes from the field /
_cNandita Dinesh.
246 3 4 _aTheatre & war
264 1 _bOpen Book Publishers,
300 _a1 online resource (210 pages)
490 1 _aApplied theatre praxis series
_x2515-0766 ;
_vvol. 1
500 _aAvailable through Open Book Publishers.
504 _aIncludes bibliography (pages 189-195) and index.
505 0 _aContents -- Introduction -- 1. Why -- 2. Where -- 3. Who -- 4. What -- 5. When -- Conclusions -- Bibliography -- Index.
506 _aOpen access resource providing free access.
520 _a"Nandita Dinesh places Kipling's "six honest serving-men" (who, what, when, where, why, how) in productive conversation with her own experiences in conflict zones across the world to offer a theoretical and practical reflection on making theatre in times of war. This timely and important book weaves together Dinesh's personal narrative with the public story of modern conflict, illustrating as it does, the importance of theatre as a force for ethical deliberation and social justice. In it Dinesh asks how theatre might intervene in times and places of conflict and how we might reflect on such interventions. In pursuit of answers, Theatre and War adopts the methods of auto-ethnography, positioning the theatrical practitioner at the heart of conflict zones in northern Uganda, Guatemala, Northern Ireland, Mexico, Rwanda, Kenya, Nagaland, and Kashmir. No longer a detached observer, the researcher and practitioner has to be able to meld theory with practice; to speak to 'doing', without undervaluing the importance of 'thinking about doing'. Each chapter approaches the need for a synthesis of theory and practice by way of a term of inquiry-Why, Where, Who, What, When-and each is equipped with a set of unflinchingly honest field notes that are designed to reveal some of the 'hows' from the author's own repertoire: questions and issues that were encountered during her own theatrical undertakings, along with first hand reflection on the complexities, potential, and challenges that attended her global work in community theatre. Within these notes are strategies that give the reader a practical insight into how the discussion might find its footing on the ground of war. The range and scope of this book make it required reading for those interested in theatre-practitioners, researchers, and students alike-as well as those seeking to understand the applications of the arts for ethics, politics, and education."--Publisher's website.
538 _aMode of access: World Wide Web.
540 _aThis work is licensed under a Creative Commons Attribution 4.0 International license (CC BY 4.0). For more detailed information consult the publisher's website.
600 1 0 _aDinesh, Nandita.
650 0 _aPerforming arts
_xPolitical aspects.
650 0 _aTheater and society.
650 0 _aTheater
_xPolitical aspects.
650 0 _aWar and theater.
710 2 _aOpen Book Publishers,
_epublisher.
830 0 _aApplied theatre praxis series ;
_vv. 1.
_x2515-0766
856 4 0 _uhttp://doi.org/10.11647/OBP.0099
_zConnect to e-book
856 4 2 _uhttp://www.openbookpublishers.com/shopimages/products/cover/500
_zConnect to cover image
999 _c29231
_d29231